000 00319nam a2200133Ia 4500
008 231129s1976||||xx |||||||||||||| ||spa||
040 _bspa
082 _a813 E33c
100 _aEhrlichman John
245 0 _aLa compania
260 _c1976
264 _aBogotá Colombia : Cí­rculo de Lectores
942 _2ddc
_cBKS
999 _c16689
_d16689